MARC details
| 000 -LEADER |
| campo de control de longitud fija |
01591nam a2200349 i 4500 |
| 001 - NÚMERO DE CONTROL |
| campo de control |
179316 |
| 003 - IDENTIFICADOR DE NÚMERO DE CONTROL |
| campo de control |
ES-MaACL |
| 005 - FECHA Y HORA DE LA ÚLTIMA TRANSACCIÓN |
| campo de control |
20250827222023.0 |
| 008 - DATOS DE LONGITUD FIJA--INFORMACIÓN GENERAL |
| campo de control de longitud fija |
111027s2010 sp abde |||| | spa d |
| 020 ## - NÚMERO INTERNACIONAL ESTÁNDAR DEL LIBRO |
| Número Internacional Estándar del Libro |
978-84-9860-367-5 |
| 080 ## - NÚMERO DE LA CLASIFICACIÓN DECIMAL UNIVERSAL |
| Número de la Clasificación Decimal Universal |
911.375(460.152 Leioa)"18/20" |
| 080 ## - NÚMERO DE LA CLASIFICACIÓN DECIMAL UNIVERSAL |
| Número de la Clasificación Decimal Universal |
338.45(460.152 Leioa)"18/20" |
| 080 ## - NÚMERO DE LA CLASIFICACIÓN DECIMAL UNIVERSAL |
| Número de la Clasificación Decimal Universal |
314(460.152 Leioa)"18/20" |
| 245 00 - MENCIÓN DEL TÍTULO |
| Título |
Nacimiento y desarrollo de la ciudad industrial |
| Resto del título |
: Leioa, de la sociedad tradicional a la sociedad posindustrial (1880-2000) : industrialización, urbanización, inmigración e innovación social / |
| Mención de responsabilidad, etc. |
Manuel González Portilla (dir.) ; José María Beascoechea Gangoiti... [et al.]. |
| 260 ## - PUBLICACIÓN, DISTRIBUCIÓN, ETC. |
| Lugar de publicación, distribución, etc. |
[Bilbao] : |
| Nombre del editor, distribuidor, etc. |
Universidad del País Vasco, Servicio Editorial, |
| Fecha de publicación, distribución, etc. |
[2010] |
| 300 ## - DESCRIPCIÓN FÍSICA |
| Extensión |
553 p., [12] p. de mapas col. : |
| Otras características físicas |
il., gráf., mapas ; |
| Dimensiones |
24 cm. |
| 490 1# - MENCIÓN DE SERIE |
| Mención de serie |
Historia de la población ; |
| Designación de volumen o secuencia |
7 |
| 500 ## - NOTA GENERAL |
| Nota general |
Índices. |
| 504 ## - NOTA DE BIBLIOGRAFÍA, ETC. |
| Nota de bibliografía, etc. |
Bibliografía: p. 543-553. |
| 650 #7 - PUNTO DE ACCESO ADICIONAL DE MATERIA--TÉRMINO DE MATERIA |
| Término de materia o nombre geográfico como elemento de entrada |
Desarrollo urbano- |
| Subdivisión geográfica |
Bilbao (Área metropolitana) |
| 9 (RLIN) |
148422 |
| 650 #7 - PUNTO DE ACCESO ADICIONAL DE MATERIA--TÉRMINO DE MATERIA |
| Término de materia o nombre geográfico como elemento de entrada |
Desarrollo industrial- |
| Subdivisión geográfica |
Bilbao (Área metropolitana) |
| 9 (RLIN) |
148423 |
| 651 #7 - PUNTO DE ACCESO ADICIONAL DE MATERIA--NOMBRE GEOGRÁFICO |
| Nombre geográfico |
Bilbao (Área metropolitana)- |
| Subdivisión general |
Población. |
| 9 (RLIN) |
148424 |
| 651 #4 - PUNTO DE ACCESO ADICIONAL DE MATERIA--NOMBRE GEOGRÁFICO |
| Nombre geográfico |
Leioa- |
| Subdivisión de forma |
Historia. |
| 9 (RLIN) |
148428 |
| 700 1# - ENTRADA AGREGADA--NOMBRE PERSONAL |
| Nombre de persona |
González Portilla, Manuel. |
| 9 (RLIN) |
58878 |
| 700 1# - ENTRADA AGREGADA--NOMBRE PERSONAL |
| Nombre de persona |
Beascoechea Gangoiti, José María. |
| 9 (RLIN) |
148425 |
| 710 2# - ENTRADA AGREGADA--NOMBRE DE ENTIDAD CORPORATIVA |
| Nombre de entidad corporativa o nombre de jurisdicción como elemento de entrada |
Universidad del País Vasco |
| 9 (RLIN) |
7367 |
| 830 0# - PUNTO DE ACCESO ADICIONAL DE SERIE-TÍTULO UNIFORME |
| Título uniforme |
Historia de la población ; |
| Designación de volumen o secuencia |
7 |
| 9 (RLIN) |
187628 |
| 852 ## - LOCALIZACIÓN |
| Ubicación |
ES-MaACL |
| itemnumber |
186203 |
| Sublocalización o colección |
R.146411 |
| Número de control de estantería |
A-11678 |
| Signatura antigua |
Olim: N-4683 |
| Ubicación en estantería |
Depósito 1 |
| 942 ## - ELEMENTOS DE ENTRADA SECUNDARIOS (KOHA) |
| Fuente del sistema de clasificación o colocación |
Clasificación decimal universal |
| Tipo de ítem Koha |
Libro impreso |